[Event "Snorlax # 3"]
[Site "SchemingMind.com"]
[Date "2008.09.01"]
[Round "-"]
[White "Clive Everill"]
[Black "nomuffyet"]
[Result "1-0"]
[WhiteCountry "CZE"]
[BlackCountry "SWE"]
[WhiteElo "1686"]
[WhiteRD "47"]
[BlackElo "1330"]
[BlackRD "88"]
[GameID "169346"]

1. b3 d5 2. Bb2 e6 3. e3 Nf6 4. c4 g6 5. Nf3 Bg7 6. d4 c5 7. Be2 O-O 8. O-O b6 9. Nbd2 Bb7 10. Bd3 Na6
11. a3 Rc8 12. Re1 Ne4 13. Qc2 f5 14. Ne5 Bxe5 15. dxe5 Nxd2 16. Qxd2 dxc4 17. bxc4 Be4 18. Rad1 Bxd3 19. Qxd3 Qxd3 20. Rxd3 Rb8
21. Rd7 Rf7 22. Red1 Rxd7 23. Rxd7 Ra8 24. Re7 Nb8 25. Rxe6 Nd7 26. Re7 Rd8 27. e6 Nf8 28. Rg7+ Kh8 29. Rd7+
1-0

[Event "Snorlax # 3"]
[Site "SchemingMind.com"]
[Date "2008.09.01"]
[Round "-"]
[White "Clive Everill"]
[Black "Joe Daudish"]
[Result "1-0"]
[WhiteCountry "CZE"]
[BlackCountry "USA"]
[WhiteElo "1683"]
[WhiteRD "47"]
[BlackElo "1759"]
[BlackRD "45"]
[GameID "169347"]

1. b3 d5 2. Bb2 e6 3. e3 Nf6 4. c4 c6 5. Nf3 Be7 6. Be2 Nbd7 7. O-O dxc4 8. Bxc4 O-O 9. d4 Nb6 10. Be2 Nbd5
11. Nc3 Nxc3 12. Bxc3 Nd5 13. Bb2 Bd7 14. e4 Nf6 15. e5 Ne8 16. Bc3 g6 17. Qc1 Ng7 18. Bd2 f5 19. exf6 Bxf6 20. Bc3 Be8
21. Rd1 Bf7 22. Ne5 Qc7 23. Nxf7 Rxf7 24. Qb2 Rd8 25. Bc4 b5 26. Be2 Nf5 27. Bg4 Rd5 28. Bf3 Rdd7 29. Rd3 a5 30. d5 exd5
31. Bxf6 d4 32. Bxd4 Nxd4 33. Rxd4 Rxd4 34. Qxd4 Rf4 35. Qe3 Rf5 36. Qe8+ Kg7 37. Qxc6
1-0

[Event "Snorlax # 3"]
[Site "SchemingMind.com"]
[Date "2008.09.01"]
[Round "-"]
[White "Clive Everill"]
[Black "Turms"]
[Result "0-1"]
[WhiteCountry "CZE"]
[BlackCountry "INT"]
[WhiteElo "1686"]
[WhiteRD "47"]
[BlackElo "1737"]
[BlackRD "82"]
[GameID "169348"]

1. Nf3 Nf6 2. d4 g6 3. c4 d5 4. Nc3 Bg7 5. e3 O-O 6. b4 Bf5 7. c5 Nc6 8. b5 Nb4 9. Kd2 Ng4 10. Qb3 Nc2
11. Rb1 Nxf2 12. Rg1 e5 13. Rb2 exd4 14. exd4 Bh6+ 15. Ke2 Nxd4+ 16. Nxd4 Re8+ 17. Kxf2 Qh4+ 18. g3 Qxd4+ 19. Kg2 Bxc1 20. Re2 Be3
21. Rh1 Be4+ 22. Nxe4 Qxe4+ 23. Kh3 Qxh1 24. Bg2 Qc1 25. Bxd5 Qf1+ 26. Rg2 h5 27. Qc2 Re5 28. Qxg6+ Kf8 29. Qh7 Rxd5 30. Qh8+ Ke7
31. Qxa8 Qf5+
0-1

[Event "Snorlax # 3"]
[Site "SchemingMind.com"]
[Date "2008.09.01"]
[Round "-"]
[White "Clive Everill"]
[Black "remigius"]
[Result "1-0"]
[WhiteCountry "CZE"]
[BlackCountry "ESP"]
[WhiteElo "1686"]
[WhiteRD "47"]
[BlackElo "1754"]
[BlackRD "99"]
[GameID "169349"]

1. e4 e6 2. d4 d5 3. Be3 dxe4 4. f3 exf3 5. Nxf3 Nf6 6. Bd3 Bd6 7. c4 c6 8. O-O Qc7 9. c5 Bf4 10. Re1 Nbd7
11. Nc3 Bxe3+ 12. Rxe3 Nd5 13. Nxd5 cxd5 14. Rc1 Nf6 15. Bb5+ Bd7 16. Qa4 Bxb5 17. Qxb5+ Qc6 18. Qe2 O-O 19. Ne5 Qc7 20. c6 bxc6
21. Rxc6 Qb7 22. Rb3 Qe7 23. Rbc3 Ne4 24. Rc2 Qb7 25. Rc7 Qb4 26. Qe3 Nd6 27. a3 Qb8 28. Nd7 Nc4 29. R7xc4
1-0

[Event "Snorlax # 3"]
[Site "SchemingMind.com"]
[Date "2008.09.01"]
[Round "-"]
[White "Brerrabbit"]
[Black "Clive Everill"]
[Result "0-1"]
[WhiteCountry "SCO"]
[BlackCountry "CZE"]
[WhiteElo "1395"]
[WhiteRD "64"]
[BlackElo "1686"]
[BlackRD "47"]
[GameID "169350"]

1. e4 c5 2. d4 cxd4 3. c3 dxc3 4. Nxc3 Nc6 5. Nf3 e6 6. Bb5 Bb4 7. O-O Nge7 8. Bg5 O-O 9. a3 Bxc3 10. bxc3 f6
11. Bh4 Ng6 12. Re1 Nxh4 13. Nxh4 f5 14. Ng6 hxg6 15. exf5 Rxf5 16. Bd3 Rd5 17. c4 Rd4 18. Qf3 Qg5 19. Be4 d5 20. Bc2 Rxc4
21. Bd3 Rc3 22. Re3 Nd4 23. Qg3 Qxg3 24. hxg3 Bd7 25. Rb1 b6 26. Bxg6 Rxe3 27. fxe3 Ne2+ 28. Kf2 Nc3 29. Rc1 Rc8 30. Ke1 Nb5
31. Ra1 Rc3 32. Kd2 Rxa3 33. Rh1 Ra2+
0-1

[Event "Snorlax # 3"]
[Site "SchemingMind.com"]
[Date "2008.09.01"]
[Round "-"]
[White "AaronB"]
[Black "Clive Everill"]
[Result "0-1"]
[WhiteCountry "USA"]
[BlackCountry "CZE"]
[WhiteElo "1676"]
[WhiteRD "63"]
[BlackElo "1686"]
[BlackRD "47"]
[GameID "169351"]

1. d4 e5 2. dxe5 Nc6 3. Nf3 d6 4. e4 Bg4 5. exd6 Bxd6 6. Nc3 Nge7 7. Be2 Qd7 8. O-O O-O-O 9. a3 Ng6 10. Nd2 Be6
11. Nc4 Be7 12. Qxd7+ Rxd7 13. Be3 Rhd8 14. Rfd1 f5 15. f3 f4 16. Bf2 Nd4 17. Bxd4 Rxd4 18. Rxd4 Rxd4 19. Na5 Bc5 20. Kh1 Rd2
21. Bd3 Nh4 22. Ne2 g5 23. Nc4 Bxc4 24. Bxc4 Rxc2 25. Be6+ Kd8 26. Rd1+ Ke7 27. Nxf4 gxf4 28. Bh3 Rxb2 29. Rd7+ Ke8 30. Rxh7 Rb1#
0-1

[Event "Snorlax # 3"]
[Site "SchemingMind.com"]
[Date "2008.09.01"]
[Round "-"]
[White "keen"]
[Black "Clive Everill"]
[Result "1/2-1/2"]
[WhiteCountry "SCO"]
[BlackCountry "CZE"]
[WhiteElo "1786"]
[WhiteRD "56"]
[BlackElo "1686"]
[BlackRD "47"]
[GameID "169352"]

1. d4 d5 2. e3 Nc6 3. c3 Nf6 4. Bd3 e5 5. dxe5 Nxe5 6. Bc2 Bc5 7. Nd2 Bg4 8. Ngf3 O-O 9. O-O Bd6 10. h3 Nxf3+
11. Nxf3 Bd7 12. Re1 c5 13. Bb3 Bc6 14. c4 dxc4 15. Bxc4 b5 16. Be2 Qc7 17. b3 Rad8 18. Qc2 Be4 19. Qb2 Rfe8 20. Bxb5 Re7
21. Bd2 Bxf3 22. gxf3 Re5 23. Bc3 Rg5+ 24. Kf1 Be5 25. Bxe5 Rxe5 26. Ke2 Red5 27. Red1 Rxd1 28. Rxd1 Rxd1 29. Kxd1 Qb7 30. Be2 Qd7+
31. Qd2 Qc7 32. Bc4 g6 33. Ke2 Kg7 34. e4 Nd7 35. f4 Nb6 36. Bd3 Qe7 37. Qc3+ Kh6 38. Qd2 Kg7 39. Qc3+ Kh6=
1/2-1/2

[Event "Snorlax # 3"]
[Site "SchemingMind.com"]
[Date "2008.09.03"]
[Round "-"]
[White "rao"]
[Black "Clive Everill"]
[Result "1-0"]
[WhiteCountry "INT"]
[BlackCountry "CZE"]
[WhiteElo "1556"]
[WhiteRD "65"]
[BlackElo "1686"]
[BlackRD "47"]
[GameID "169353"]

1. e4 e5 2. Nf3 Nc6 3. Bc4 Bc5 4. d3 Nf6 5. Ng5 d5 6. exd5 Nxd5 7. Qf3 Be6 8. Nc3 Ncb4 9. Bb3 Nf4 10. Bxf4 Bxb3
11. axb3 Nxc2+ 12. Kf1 Nxa1 13. Bd2 O-O 14. Qe4 g6 15. Ke2 Nxb3 16. Qh4 Nd4+ 17. Kd1 h5 18. Nce4 Be7 19. Qg3 Re8 20. Qxe5 Bb4
21. Nf6+ Kf8 22. Ngh7+ Kg7 23. Nxe8+ Kg8 24. Qg7#
1-0

[Event "Snorlax # 3"]
[Site "SchemingMind.com"]
[Date "2008.09.01"]
[Round "-"]
[White "nomuffyet"]
[Black "Clive Everill"]
[Result "1/2-1/2"]
[WhiteCountry "SWE"]
[BlackCountry "CZE"]
[WhiteElo "1330"]
[WhiteRD "88"]
[BlackElo "1686"]
[BlackRD "47"]
[GameID "169354"]

1. e4 d5 2. exd5 Qxd5 3. Nc3 Qa5 4. Nf3 Nf6 5. Bb5+ c6 6. Bd3 Bg4 7. O-O e6 8. a3 Bd6 9. h3 Bh5 10. b4 Qc7
11. Ne4 Nxe4 12. Bxe4 O-O 13. d4 Nd7 14. Qd3 Bg6 15. Bxg6 fxg6 16. Ng5 Rae8 17. Re1 Rf6 18. Bb2 e5 19. d5 c5 20. c4 b6
21. Re2 Rf5 22. Ne6 Qb8 23. g4 Rf6 24. g5 Rf5 25. h4 cxb4 26. axb4 Qb7 27. h5 Bxb4 28. h6 gxh6 29. gxh6 Bc5 30. Ng7 Rxf2
31. Rxf2 Rf8 32. Rf1 Nf6 33. Kh1 Bxf2 34. Rxf2 e4 35. Qe2 Qe7 36. Bxf6 Rxf6 37. Rxf6 Qxf6 38. Qxe4 Qf7 39. d6 a5 40. Qe7 Qf1+
41. Kh2 Qf2+=
1/2-1/2

[Event "Snorlax # 3"]
[Site "SchemingMind.com"]
[Date "2008.09.01"]
[Round "-"]
[White "Joe Daudish"]
[Black "Clive Everill"]
[Result "1/2-1/2"]
[WhiteCountry "USA"]
[BlackCountry "CZE"]
[WhiteElo "1779"]
[WhiteRD "46"]
[BlackElo "1686"]
[BlackRD "47"]
[GameID "169355"]

1. d4 c5 2. Nf3 d5 3. Bf4 Nc6 4. e3 Bf5 5. Bd3 Bg4 6. Nbd2 c4 7. Be2 e6 8. h3 Bh5 9. c3 Bd6 10. Bxd6 Qxd6
11. O-O Nh6 12. Re1 O-O 13. Nh2 Bxe2 14. Qxe2 e5 15. dxe5 Qxe5 16. Ndf3 Qh5 17. Nd4 Qxe2 18. Rxe2 Ne5 19. Nhf3 Nd3 20. b4 f5
21. a4 Rae8 22. Ne1 Ne5 23. Ndf3 Ng6 24. Raa2 Rd8 25. Rad2 Rfe8 26. Rd4 Re4 27. Red2 Rxd4 28. Rxd4 Ne7 29. Nc2=
1/2-1/2

[Event "Snorlax # 3"]
[Site "SchemingMind.com"]
[Date "2008.09.02"]
[Round "-"]
[White "Turms"]
[Black "Clive Everill"]
[Result "0-1"]
[WhiteCountry "INT"]
[BlackCountry "CZE"]
[WhiteElo "1737"]
[WhiteRD "82"]
[BlackElo "1686"]
[BlackRD "47"]
[GameID "169356"]

1. e4 d5 2. exd5 Nf6 3. Nc3 e6 4. Nf3 exd5 5. d4 Bg4 6. Qe2+ Be7 7. Qb5+ Nc6 8. Qxb7 Bd7 9. Bb5 Rb8 10. Qa6 Rb6
11. Qa4 a6 12. Ne5 Nxe5 13. dxe5 Bxb5 14. Nxb5 axb5 15. Qb3 Ne4 16. O-O O-O 17. Rd1 c6 18. Be3 Rb7 19. c4 Bc5 20. cxd5 cxd5
21. Rxd5 Qb6 22. Bxc5 Nxc5 23. Qe3 Rc8 24. Rc1 Rbc7 25. Rcd1 h6 26. b4 Na4 27. Qe4 g6 28. Qf4 Nc3 29. Rd8+ Rxd8 30. Rxd8+ Kg7
0-1

[Event "Snorlax # 3"]
[Site "SchemingMind.com"]
[Date "2008.09.01"]
[Round "-"]
[White "remigius"]
[Black "Clive Everill"]
[Result "1-0"]
[WhiteCountry "ESP"]
[BlackCountry "CZE"]
[WhiteElo "1754"]
[WhiteRD "99"]
[BlackElo "1686"]
[BlackRD "47"]
[GameID "169357"]

1. e4 d5 2. exd5 Nf6 3. c4 e6 4. dxe6 Bxe6 5. d4 Bb4+ 6. Nc3 O-O 7. Nf3 Re8 8. Be3 Ne4 9. Qc2 Nxc3 10. bxc3 Be7
11. Bd3 g6 12. h4 Nc6 13. h5 Bf6 14. hxg6 fxg6 15. O-O-O Bg4 16. Bxg6 Rxe3 17. Bxh7+ Kf8 18. fxe3 Qd7 19. Bg6 Qe6 20. Qd3 Rd8
21. Rdf1 Bxf3 22. Rxf3 Ne5 23. Qe4 Ke7 24. Rh7+ Kf8 25. dxe5 Kg8 26. Rxf6
1-0

[Event "Snorlax # 3"]
[Site "SchemingMind.com"]
[Date "2008.09.02"]
[Round "-"]
[White "maro"]
[Black "Brerrabbit"]
[Result "0-1"]
[WhiteCountry "MEX"]
[BlackCountry "SCO"]
[WhiteElo "1320"]
[WhiteRD "59"]
[BlackElo "1395"]
[BlackRD "64"]
[GameID "169365"]

1. e4 e5 2. d4 exd4 3. Qxd4 Nc6 4. Qd5 Nf6 5. Qc4 d5 6. Qe2 d4 7. Qf3 Bg4 8. Qf4 Bd6 9. e5 Bxe5 10. Qd2 Qd6
11. f3 Bf5 12. Bd3 Bxh2 13. Ne2 O-O 14. Bxf5 Rfe8 15. Kf1 Re5 16. Rxh2 Rxf5 17. f4 Ng4 18. Rh3 Re8 19. Qd3 Qe5 20. Rf3 Qe6
21. Nd2 Nh2+ 22. Kg1 Nxf3+ 23. Kf1 Nh2+ 24. Ke1 Nb4 25. Qf3 Nxf3+ 26. Nxf3 Qxe2#
0-1

[Event "Snorlax # 3"]
[Site "SchemingMind.com"]
[Date "2008.09.01"]
[Round "-"]
[White "maro"]
[Black "AaronB"]
[Result "0-1"]
[WhiteCountry "MEX"]
[BlackCountry "USA"]
[WhiteElo "1320"]
[WhiteRD "59"]
[BlackElo "1676"]
[BlackRD "63"]
[GameID "169366"]

1. d3 e5 2. Nf3 Nc6 3. e4 Bc5 4. Be3 Bxe3 5. fxe3 d6 6. d4 Nf6 7. d5 Ne7 8. Be2 O-O 9. Nh4 c6 10. Nc3 cxd5
11. exd5 Qa5 12. e4 Nxe4 13. O-O Nxc3 14. Qd2 Nxe2+ 15. Qxe2 Qxd5 16. Rad1 Qc5+ 17. Rf2 Bd7 18. Qf1 Nd5 19. Rd2 e4 20. c4 Nf6
21. Qe2 e3 22. b4 exf2+ 23. Kh1 Rfe8
0-1

[Event "Snorlax # 3"]
[Site "SchemingMind.com"]
[Date "2008.09.01"]
[Round "-"]
[White "maro"]
[Black "keen"]
[Result "0-1"]
[WhiteCountry "MEX"]
[BlackCountry "SCO"]
[WhiteElo "1320"]
[WhiteRD "59"]
[BlackElo "1786"]
[BlackRD "56"]
[GameID "169367"]

1. e4 d5 2. f3 dxe4 3. fxe4 e5 4. Nf3 Nc6 5. c3 Nf6 6. d4 exd4 7. cxd4 Bb4+ 8. Bd2 O-O 9. e5 Nd5 10. a3 Ne3
11. Qb3 Bxd2+ 12. Nbxd2 Nxf1 13. Rxf1 Nxd4 14. Qd1 Bg4 15. h3 Bh5 16. Qa4 Nc6 17. g4 Bg6 18. O-O-O Qe7 19. h4 Qc5+ 20. Nc4 b5
21. Qb3 bxc4 22. Qc2 Bxc2 23. Kxc2 Nxe5 24. Nd4 Rad8 25. Rf5 Rxd4 26. Rff1 Nxg4
0-1

[Event "Snorlax # 3"]
[Site "SchemingMind.com"]
[Date "2008.09.03"]
[Round "-"]
[White "maro"]
[Black "rao"]
[Result "0-1"]
[WhiteCountry "MEX"]
[BlackCountry "INT"]
[WhiteElo "1320"]
[WhiteRD "59"]
[BlackElo "1556"]
[BlackRD "65"]
[GameID "169368"]

1. Nf3 d5 2. d4 c6 3. Nc3 Bf5 4. Nh4 e6 5. g3 Qf6 6. Nf3 Bb4 7. Bd2 h6 8. Ne5 Bxc3 9. Bxc3 Be4 10. f3 Bf5
11. g4 Bh7 12. e3 Qh4+ 13. Kd2 Nf6 14. Be2 Nbd7 15. Kc1 Nxe5 16. dxe5 Nd7 17. e4 Qg5+ 18. Bd2 Qxe5 19. Bc3 Qf4+ 20. Bd2 Qd6
21. a4 O-O 22. b4 dxe4 23. fxe4 Bxe4 24. Rf1 Qd4 25. Ra3 Ne5 26. c3 Nd3+ 27. Bxd3 Qxd3 28. Ra2 Qb1#
0-1

[Event "Snorlax # 3"]
[Site "SchemingMind.com"]
[Date "2008.09.01"]
[Round "-"]
[White "maro"]
[Black "Clive Everill"]
[Result "0-1"]
[WhiteCountry "MEX"]
[BlackCountry "CZE"]
[WhiteElo "1320"]
[WhiteRD "59"]
[BlackElo "1686"]
[BlackRD "47"]
[GameID "169369"]

1. c4 Nf6 2. d4 g6 3. Nc3 Bg7 4. e4 d6 5. d5 c5 6. Bf4 Bg4 7. f3 Bd7 8. e5 dxe5 9. Bxe5 Nh5 10. Bxg7 Nxg7
11. g3 O-O 12. d6 Nf5 13. Qd3 Nd4 14. Ne4 Qa5+ 15. Nd2 Bf5 16. Qe3 Nc2+ 17. Kf2 Nxe3 18. Kxe3 exd6 19. g4 Re8+ 20. Kf4 Qxd2+
21. Kg3 Bd3
0-1

[Event "Snorlax # 3"]
[Site "SchemingMind.com"]
[Date "2008.09.01"]
[Round "-"]
[White "maro"]
[Black "nomuffyet"]
[Result "1-0"]
[WhiteCountry "MEX"]
[BlackCountry "SWE"]
[WhiteElo "1320"]
[WhiteRD "59"]
[BlackElo "1330"]
[BlackRD "88"]
[GameID "169370"]

1. c4 e5 2. e4 g6 3. d3 Nf6 4. Be3 Bg7 5. Bg5 O-O 6. Nc3 c5 7. Nf3 d6 8. Be2 Qb6 9. b3 Qb4 10. Rc1 h6
11. Bxf6 Bxf6 12. h4 Nc6 13. a3 Qxa3 14. O-O Bg4 15. Nb1 Qa5 16. Nh2 Bxe2 17. Qxe2 Nd4 18. Qg4
1-0

[Event "Snorlax # 3"]
[Site "SchemingMind.com"]
[Date "2008.09.01"]
[Round "-"]
[White "maro"]
[Black "Joe Daudish"]
[Result "0-1"]
[WhiteCountry "MEX"]
[BlackCountry "USA"]
[WhiteElo "1320"]
[WhiteRD "59"]
[BlackElo "1779"]
[BlackRD "46"]
[GameID "169371"]

1. e4 e6 2. d3 d5 3. e5 Ne7 4. c4 dxc4 5. d4 Nf5 6. Nf3 b5 7. b3 Ba6 8. Ng5 h6 9. Ne4 Nxd4 10. Be2 Nxe2
11. Qxe2 Bb4+ 12. Bd2 Bxd2+ 13. Nbxd2 cxb3 14. axb3 O-O 15. O-O c6 16. b4 Bb7 17. Nb3 Nd7 18. f4 Nb6 19. f5 Qd5 20. Qc2 Qxe5
21. Nec5 Bc8 22. Rae1 Qc7 23. Rf3 exf5 24. Ref1 Nd5 25. g3 Nxb4 26. Qb1 Nd5 27. Nd4 Qb6 28. Ncb3 Be6 29. Qd3 a5 30. Kg2 a4
31. Nd2 a3 32. Nxf5 Bxf5 33. Rxf5 Ne3+ 34. Kh3 Nxf1 35. Nxf1 a2
0-1

[Event "Snorlax # 3"]
[Site "SchemingMind.com"]
[Date "2008.09.01"]
[Round "-"]
[White "maro"]
[Black "Turms"]
[Result "0-1"]
[WhiteCountry "MEX"]
[BlackCountry "INT"]
[WhiteElo "1320"]
[WhiteRD "59"]
[BlackElo "1737"]
[BlackRD "82"]
[GameID "169372"]

1. e4 c5 2. c4 Nc6 3. b3 e5 4. Bb2 g6 5. g3 Bg7 6. f4 Nd4 7. Nf3 exf4 8. gxf4 Nxf3+ 9. Qxf3 Bxb2 10. f5 Bxa1
11. Bh3 Qh4+ 12. Qg3 Qxe4+ 13. Qe3 Qxe3+ 14. dxe3 d6 15. O-O Nh6
0-1

[Event "Snorlax # 3"]
[Site "SchemingMind.com"]
[Date "2008.09.01"]
[Round "-"]
[White "maro"]
[Black "remigius"]
[Result "0-1"]
[WhiteCountry "MEX"]
[BlackCountry "ESP"]
[WhiteElo "1320"]
[WhiteRD "59"]
[BlackElo "1754"]
[BlackRD "99"]
[GameID "169373"]

1. c4 e5 2. e4 Nf6 3. d3 Bc5 4. Nf3 Ng4 5. g3 Nxf2 6. Qd2 Nxh1 7. Nxe5 Qf6 8. Qc3 Qf2+ 9. Kd1 Qxf1+ 10. Qe1 Nf2+
11. Kd2 Qxe1+ 12. Kxe1 d6 13. Nf3 Nxd3+ 14. Kd2 Nxc1 15. Kxc1 Nc6 16. Nc3 Bg4 17. Nh4 O-O-O 18. Kc2 Nd4+ 19. Kd3 Rhe8 20. Rf1 f6
21. Nd5 Be2+
0-1

[Event "Snorlax # 3"]
[Site "SchemingMind.com"]
[Date "2008.09.02"]
[Round "-"]
[White "Brerrabbit"]
[Black "maro"]
[Result "1-0"]
[WhiteCountry "SCO"]
[BlackCountry "MEX"]
[WhiteElo "1395"]
[WhiteRD "64"]
[BlackElo "1320"]
[BlackRD "59"]
[GameID "169374"]

1. e4 e5 2. Nf3 Bd6 3. Nc3 c6 4. Bc4 Bc5 5. d4 Bb6 6. Nxe5 d6 7. Nxf7 Qe7 8. Nxh8 Nf6 9. e5 c5 10. Bf7+ Kf8
11. O-O dxe5 12. d5 c4 13. d6 Qd7 14. Qe2 Qxd6 15. Ne4 Qc6 16. Nxf6 Qxf6 17. Qxc4 Nd7 18. Qb4+ Qe7 19. Qxe7+ Kxe7 20. Bg5+ Kf8
21. Rae1 Bc7 22. f4 b6 23. fxe5 Ba6 24. Bc4+ Ke8 25. Bxa6 Bxe5 26. Bb5
1-0

[Event "Snorlax # 3"]
[Site "SchemingMind.com"]
[Date "2008.09.01"]
[Round "-"]
[White "AaronB"]
[Black "maro"]
[Result "1-0"]
[WhiteCountry "USA"]
[BlackCountry "MEX"]
[WhiteElo "1676"]
[WhiteRD "63"]
[BlackElo "1320"]
[BlackRD "59"]
[GameID "169375"]

1. d4 d5 2. c4 dxc4 3. Nf3 Be6 4. Nc3 Nf6 5. e4 Nc6 6. d5 Nxd5 7. exd5 Qc8 8. dxe6 Qxe6+ 9. Be2 Rd8 10. Qc2 g6
11. O-O Bg7 12. Be3 a6 13. Rad1 Nb4 14. Qa4+ Nc6 15. Rxd8+ Kxd8 16. Bxc4 Qd6 17. Rd1 Nd4 18. Bxd4 e5 19. Bxe5 Bxe5 20. Nxe5
1-0

[Event "Snorlax # 3"]
[Site "SchemingMind.com"]
[Date "2008.09.01"]
[Round "-"]
[White "keen"]
[Black "maro"]
[Result "1-0"]
[WhiteCountry "SCO"]
[BlackCountry "MEX"]
[WhiteElo "1786"]
[WhiteRD "56"]
[BlackElo "1320"]
[BlackRD "59"]
[GameID "169376"]

1. d4 d5 2. e3 a6 3. Bd3 g6 4. Nd2 Nc6 5. f4 h5 6. Ngf3 Nf6 7. Ne5 Bh6 8. O-O g5 9. Ndf3 gxf4 10. exf4 Rg8
11. Ng5 Bg4 12. Qe1 Qc8 13. Ngxf7 Bg7 14. Bg6 Kf8 15. f5 Nxd4 16. Ng5 Bh6 17. Nh7+ Nxh7 18. Bxh6+ Rg7 19. Qf2 Nxf5 20. Bxh7 Qe6
21. Bxg7+ Kxg7 22. Bxf5 Bxf5 23. Qxf5 Qxf5 24. Rxf5
1-0

[Event "Snorlax # 3"]
[Site "SchemingMind.com"]
[Date "2008.09.04"]
[Round "-"]
[White "rao"]
[Black "maro"]
[Result "1-0"]
[WhiteCountry "INT"]
[BlackCountry "MEX"]
[WhiteElo "1556"]
[WhiteRD "65"]
[BlackElo "1320"]
[BlackRD "59"]
[GameID "169377"]

1. e4 e5 2. Nf3 Bd6 3. Bc4 Nf6 4. d3 Bc5 5. Nxe5 d6 6. Nxf7 Qe7 7. Nxh8 Ng4 8. O-O Qh4 9. h3 Bxf2+ 10. Kh1 Qg3
11. Bf7+ Kd7 12. Qxg4+ Kd8 13. Bg5#
1-0

[Event "Snorlax # 3"]
[Site "SchemingMind.com"]
[Date "2008.09.01"]
[Round "-"]
[White "Clive Everill"]
[Black "maro"]
[Result "0-1"]
[WhiteCountry "CZE"]
[BlackCountry "MEX"]
[WhiteElo "1686"]
[WhiteRD "47"]
[BlackElo "1320"]
[BlackRD "59"]
[GameID "169378"]

1. e4 e5 2. Bc4 Bc5 3. c3 Nf6 4. f3 Nh5 5. Ne2 Qh4+ 6. Ng3 Nxg3 7. hxg3 Qxh1+ 8. Ke2 Qxg2+ 9. Kd3 Qxg3 10. b4 Bb6
11. Na3 d6 12. Nc2 f5 13. Ne1 fxe4+ 14. Kc2 e3 15. dxe3 Qh4 16. Bd3 Be6 17. a4 Nc6 18. a5 Qf2+ 19. Qe2 Qh4 20. axb6 a5
21. bxc7 a4 22. Bb5 O-O 23. Rxa4 Rxa4 24. Bxa4 Bc4 25. Qd2 d5 26. Ba3 Qe7 27. Kb2 b5 28. Bc2 Qxc7 29. Qh2 h6 30. Qg3 d4
31. exd4 Qd7 32. Qg6 exd4 33. Qh7+ Kf7 34. Qg6+ Ke7 35. Qxg7+ Rf7 36. Qxh6 dxc3+ 37. Kxc3 Qd4#
0-1

[Event "Snorlax # 3"]
[Site "SchemingMind.com"]
[Date "2008.09.02"]
[Round "-"]
[White "nomuffyet"]
[Black "maro"]
[Result "0-1"]
[WhiteCountry "SWE"]
[BlackCountry "MEX"]
[WhiteElo "1330"]
[WhiteRD "88"]
[BlackElo "1320"]
[BlackRD "59"]
[GameID "169379"]

1. e4 e5 2. Nf3 Nc6 3. Nc3 Nd4 4. Nxe5 d6 5. Nf3 c5 6. Bc4 Be6 7. Bxe6 Nxe6 8. O-O Nf6 9. d4 Qb6 10. d5 Nd4
11. Na4 Qb5 12. c3 Ne2+ 13. Kh1 Qc4 14. Re1 Nxc1 15. Rxc1 Nxe4 16. b3 Qb5
0-1

[Event "Snorlax # 3"]
[Site "SchemingMind.com"]
[Date "2008.09.02"]
[Round "-"]
[White "Joe Daudish"]
[Black "maro"]
[Result "1-0"]
[WhiteCountry "USA"]
[BlackCountry "MEX"]
[WhiteElo "1779"]
[WhiteRD "46"]
[BlackElo "1320"]
[BlackRD "59"]
[GameID "169380"]

1. d4 d5 2. Nf3 Nf6 3. Bf4 Bf5 4. h3 e6 5. e3 Nc6 6. c3 Bd6 7. Bxd6 Qxd6 8. Bd3 Bxd3 9. Qxd3 O-O-O 10. O-O Rhe8
11. Nbd2 h6 12. Rfe1 g5 13. e4 g4 14. e5 Qe7 15. exf6 Qxf6 16. hxg4 Rh8 17. Ne5 h5 18. Qf3 Qg7 19. Qxf7 Rhg8 20. Qxg7 Rxg7
21. gxh5 Ne7 22. Nf1 Rf8 23. Ng3 Ng8 24. Ng6
1-0

[Event "Snorlax # 3"]
[Site "SchemingMind.com"]
[Date "2008.09.02"]
[Round "-"]
[White "Turms"]
[Black "maro"]
[Result "1-0"]
[WhiteCountry "INT"]
[BlackCountry "MEX"]
[WhiteElo "1737"]
[WhiteRD "82"]
[BlackElo "1320"]
[BlackRD "59"]
[GameID "169381"]

1. e4 e5 2. Nf3 Nc6 3. Bb5 Nf6 4. O-O Nxe4 5. Re1 f5 6. d3 Bb4 7. c3 a6 8. Bxc6 dxc6 9. cxb4 f4 10. Nxe5 Qd4
11. Rxe4 Qd6 12. Nc4+ Qe7 13. Rxe7+ Kxe7 14. Nc3 Rf8 15. Qe2+ Be6 16. Qe5 Rf5 17. Qxc7+ Kf6 18. Ne4+ Kg6 19. Ne5+ Kh5 20. Qxg7 Rg8
21. Qxh7#
1-0

[Event "Snorlax # 3"]
[Site "SchemingMind.com"]
[Date "2008.09.02"]
[Round "-"]
[White "remigius"]
[Black "maro"]
[Result "1-0"]
[WhiteCountry "ESP"]
[BlackCountry "MEX"]
[WhiteElo "1754"]
[WhiteRD "99"]
[BlackElo "1320"]
[BlackRD "59"]
[GameID "169382"]

1. e4 e5 2. Nf3 f6 3. Nxe5 fxe5 4. Qh5+ g6 5. Qxe5+ Kf7 6. Bc4+ d5 7. Bxd5+ Be6 8. Qxe6+ Kg7 9. Qf7+ Kh6 10. d4+ Kh5
11. Qf3+ Kh4 12. Qg3+ Kh5 13. e5 Ne7 14. Bf3#
1-0